[Event "Druzynowe  Mistrzostwa Polski w Szachach - I liga"]
[Site "Poronin-Limba"]
[Date "1899-12-30"]
[Round "2.1"]
[White "Rudolf, Michal"]
[Black "Lubczynski, Rafal"]
[Result "0-1"]
[WhiteTitle "FM"]
[BlackTitle "IM"]
[WhiteElo "2360"]
[BlackElo "2418"]

1. e4 d6 2. d4 Nf6 3. Nc3 e5 4. dxe5 dxe5 5. Qxd8+ Kxd8 6. Bc4 Be6 7. Bxe6 fxe6
8. Be3 Bd6 9. f3 Ke7 10. Nh3 Nc6 11. Nf2 h6 12. O-O-O a6 13. Ne2 b5 14. c3 Na5
15. b3 c5 16. Rd2 c4 17. Kc2 cxb3+ 18. axb3 Nb7 19. f4 Bc5 20. Bxc5+ Nxc5 21.
fxe5 Nfd7 22. b4 Na4 23. Nd3 Rhc8 24. Rhd1 Rc7 25. Nb2 Nxb2 26. Kxb2 Nxe5 27.
Kb3 a5 28. bxa5 Rxa5 29. Ra2 Rxa2 30. Kxa2 b4 31. Kb2 Rc4 32. Kb3 Rxe4 33. Ng3
Rg4 34. cxb4 Nc6 35. Ra1 Rxb4+ 36. Kc3 Rb7 37. Ra6 Nb4 38. Ra4 Nd5+ 39. Kd3 Rb2
40. Ne2 Kf6 41. Rg4 g5 42. h4 Kf5 43. Rc4 Nf4+ 44. Nxf4 gxf4 45. Rc5+ e5 46. Rc6
e4+ 47. Kd4 Rd2+ 48. Kc3 Rxg2 49. Rxh6 f3 50. Rh8 Kf4 51. h5 Ke3 52. Kd4+ 0-1

[Event "Druzynowe  Mistrzostwa Polski w Szachach - I liga"]
[Site "Poronin-Limba"]
[Date "1899-12-30"]
[Round "2.2"]
[White "Chojnacki, Krzysztof"]
[Black "Warszawski, Bartosz"]
[Result "1-0"]
[WhiteTitle "IM"]
[BlackTitle "m"]
[WhiteElo "2364"]
[BlackElo "2202"]

1. d4 Nf6 2. c4 e6 3. Nc3 Bb4 4. f3 d5 5. a3 Be7 6. e4 dxe4 7. fxe4 e5 8. d5 Bc5
9. Nf3 Bg4 10. h3 Bxf3 11. Qxf3 Nbd7 12. Bd2 O-O 13. g4 a5 14. Bd3 Ne8 15. O-O-O
Nd6 16. h4 c6 17. g5 Bd4 18. Ne2 b5 19. Nxd4 exd4 20. Bf4 Nc5 21. Bc2 cxd5 22.
Rxd4 Nxc4 23. exd5 Qb6 24. Rhd1 Nd6 25. h5 b4 26. Bxd6 Qxd6 27. Qf5 g6 28. Qf6
Qg3 29. h6 1-0

[Event "Druzynowe  Mistrzostwa Polski w Szachach - I liga"]
[Site "Poronin-Limba"]
[Date "1899-12-30"]
[Round "2.3"]
[White "Chalupnik, Marcin"]
[Black "Musialkiewicz, Jan"]
[Result "1-0"]
[WhiteTitle "k++"]
[BlackTitle "k+"]
[WhiteElo "2176"]
[BlackElo "2266"]

1. e4 c5 2. Nf3 e6 3. d4 cxd4 4. Nxd4 Nf6 5. Nc3 d6 6. f4 a6 7. Qf3 Qc7 8. g4 Nc6
9. Nxc6 bxc6 10. g5 Nd7 11. b3 d5 12. Bb2 Bd6 13. e5 Bb4 14. O-O-O a5 15. h4 Nb6
16. a4 Ba6 17. Bxa6 Rxa6 18. h5 Qe7 19. g6 fxg6 20. hxg6 h6 21. Ne2 Nd7 22. Qg4
Ba3 23. Nd4 Bxb2+ 24. Kxb2 c5 25. Nb5 O-O 26. Rhe1 c4 27. Nd6 Nc5 28. f5 Rb8 29.
Qd4 Nxa4+ 30. Ka2 Qc7 31. bxa4 Rxd6 32. exd6 Qc6 33. Qc3 Qxa4+ 34. Qa3 Qxc2+ 35.
Ka1 Rb3 36. Qc1 Qxf5 37. d7 Qf6+ 38. Ka2 Rb5 39. Rxe6 1-0

[Event "Druzynowe  Mistrzostwa Polski w Szachach - I liga"]
[Site "Poronin-Limba"]
[Date "1899-12-30"]
[Round "2.4"]
[White "Musialkiewicz, Pawel"]
[Black "Rams, Michal"]
[Result "1/2-1/2"]
[WhiteTitle "FM"]
[BlackTitle "k+"]
[WhiteElo "2266"]
[BlackElo "2183"]

1. d4 g6 2. c4 Bg7 3. g3 d6 4. Bg2 Nd7 5. Nf3 e5 6. dxe5 dxe5 7. Nc3 Ngf6 8. Bg5
O-O 9. O-O h6 10. Bxf6 Qxf6 11. Nd2 c6 12. b4 Qe7 13. Rb1 f5 14. Qb3 e4 15. c5+
Kh7 16. Nd1 Ne5 17. Ne3 Be6 18. Qc2 Rad8 19. Rfd1 Rd7 20. Nb3 Rfd8 21. Rxd7 Rxd7
22. Na5 b6 23. cxb6 axb6 24. Nac4 Nxc4 25. Nxc4 Bxc4 26. Qxc4 Rd2 27. e3 Qa7 28.
g4 Qxa2 29. Qxa2 Rxa2 30. gxf5 gxf5 31. Rc1 Ra1 32. Rxa1 Bxa1 33. f3 exf3 34.
Bxf3 c5 35. bxc5 bxc5 36. Bd5 1/2-1/2

[Event "Druzynowe  Mistrzostwa Polski w Szachach - I liga"]
[Site "Poronin-Limba"]
[Date "1899-12-30"]
[Round "2.5"]
[White "Kaim, Piotr"]
[Black "Bardeli, Lukasz"]
[Result "1-0"]
[WhiteTitle "m"]
[BlackTitle "FM"]
[WhiteElo "2138"]
[BlackElo "2188"]

1. d4 Nf6 2. c4 g6 3. Nc3 d5 4. Nf3 Bg7 5. cxd5 Nxd5 6. e3 O-O 7. Bc4 Nxc3 8. bxc3
c5 9. O-O Nc6 10. Ba3 cxd4 11. cxd4 Bg4 12. Rb1 Na5 13. Be2 Be6 14. Qa4 Bd7 15.
Qb4 Re8 16. d5 e5 17. e4 Bf8 18. Qb2 Bxa3 19. Qxa3 Bg4 20. Bb5 Bxf3 21. Bxe8 Bxe4
22. Rb5 b6 23. Bc6 Nxc6 24. dxc6 Qg5 25. Qg3 Qxg3 26. hxg3 f6 27. Rc1 Rc8 28.
c7 Kf7 29. a4 Bd3 30. Rd5 Bf5 31. a5 1-0

[Event "Druzynowe  Mistrzostwa Polski w Szachach - I liga"]
[Site "Poronin-Limba"]
[Date "1899-12-30"]
[Round "2.6"]
[White "Szelag, Zuzanna"]
[Black "Bednarska-bzdega, Malgorzata"]
[Result "1-0"]
[WhiteTitle "I++"]
[BlackTitle "WFM"]
[WhiteElo "1835"]
[BlackElo "2008"]

1. e4 c5 2. Nf3 Nc6 3. d4 cxd4 4. Nxd4 g6 5. Nc3 Bg7 6. Be3 Nf6 7. Bc4 d6 8. f3
O-O 9. Qd2 Bd7 10. O-O-O Qb8 11. h4 b5 12. Bd5 Nxd5 13. Nxd5 Qb7 14. Nxc6 Bxc6
15. Bh6 Bh8 16. Bxf8 Rxf8 17. h5 a5 18. Rh3 e6 19. Nf4 Be5 20. Nd3 Bf6 21. Rdh1
g5 22. h6 Kh8 23. Rh5 Rg8 24. Re1 Qc7 25. f4 gxf4 26. Qxf4 Qe7 27. Kb1 Rxg2 28.
Rf1 Rg6 29. e5 dxe5 30. Nxe5 Bxe5 31. Qxe5+ f6 32. Qc3 Bg2 33. Rd1 b4 34. Qe3
e5 35. Rh2 Bc6 36. Qb6 Be8 37. Rhd2 Rg8 38. Rd6 Rf8 39. Rg1 Bg6 40. Re6 Qf7 41.
Qd6 Rg8 42. Rf1 Be4 43. Rexf6 Qc4 44. Rf8 1-0

[Event "Druzynowe  Mistrzostwa Polski w Szachach - I liga"]
[Site "Poronin-Limba"]
[Date "1899-12-30"]
[Round "2.7"]
[White "Butkiewicz, Lukasz"]
[Black "Simantsev, Mikhail"]
[Result "1/2-1/2"]
[WhiteTitle "IM"]
[BlackTitle "GM"]
[WhiteElo "2462"]
[BlackElo "2486"]

1. e4 e5 2. Nf3 Nc6 3. d4 exd4 4. Nxd4 Bc5 5. Nb3 Bb4+ 6. c3 Be7 7. c4 Nf6 8. Bd3
Bb4+ 9. N1d2 Ne5 10. Qe2 Nxd3+ 11. Qxd3 O-O 12. O-O Re8 13. a3 Bf8 14. Nd4 a5
15. b3 d6 16. Bb2 c6 17. Rae1 g6 18. Kh1 Bg7 19. Ba1 Ng4 20. f3 Ne5 21. Qc2 Nd7
22. f4 Qb6 23. N4f3 Bxa1 24. Rxa1 Nc5 25. f5 Qd8 26. Rae1 Nd7 27. Qd3 Ne5 28.
Nxe5 Rxe5 29. Nf3 Re8 30. Qd2 gxf5 31. Qh6 Re6 32. Qh5 Qf6 33. Nh4 Re5 34. exf5
Rxe1 35. Rxe1 Bd7 36. h3 Re8 37. Qg4+ Kf8 38. Rxe8+ Bxe8 39. Nf3 Bd7 40. Qf4 Qxf5
41. Qxd6+ Ke8 1/2-1/2

[Event "Druzynowe  Mistrzostwa Polski w Szachach - I liga"]
[Site "Poronin-Limba"]
[Date "1899-12-30"]
[Round "2.8"]
[White "Sopur, Lech"]
[Black "Brodowski, Piotr"]
[Result "0-1"]
[WhiteTitle "m"]
[BlackTitle "IM"]
[WhiteElo "2394"]
[BlackElo "2439"]

1. Nf3 g6 2. g3 Bg7 3. Bg2 c5 4. c4 Nc6 5. O-O e6 6. Nc3 Nge7 7. d3 O-O 8. Bg5
h6 9. Bd2 d5 10. cxd5 exd5 11. a3 Be6 12. Rb1 a5 13. Na4 b6 14. Qb3 Rb8 15. Bf4
d4 16. Qb5 Na7 17. Qa6 Nd5 18. Bxb8 Qxb8 19. Nd2 Nc8 20. Nc4 Nc7 21. Qb7 Qxb7
22. Bxb7 b5 23. Nxc5 bxc4 24. Nxe6 Nxe6 25. dxc4 Nb6 26. Bd5 Nc5 27. b4 axb4 28.
Rxb4 Nba4 29. Rb5 Rc8 30. Rfb1 Be5 31. f4 Bd6 32. Ra5 Bc7 33. Ra8 Rxa8 34. Bxa8
Nc3 35. Rb2 g5 36. fxg5 hxg5 37. Kf1 Kf8 38. Bc6 Ke7 39. a4 Kd6 40. Be8 f6 41.
Kg2 Nd1 42. Rb5 g4 43. Rb1 Ne3+ 44. Kg1 Ne4 45. a5 Bxa5 46. Ra1 Bb6 47. Ra6 Nxc4
48. Bf7 d3+ 49. Rxb6+ Nxb6 50. exd3 Ng5 51. Bg6 Nd5 52. Bf5 Ne3 53. Bc8 Ke5 54.
Kf2 Kd4 55. Ke2 Nf3 56. Bxg4 0-1

[Event "Druzynowe  Mistrzostwa Polski w Szachach - I liga"]
[Site "Poronin-Limba"]
[Date "1899-12-30"]
[Round "2.9"]
[White "Bronowicki, Mateusz"]
[Black "Orzech, Dominik"]
[Result "1/2-1/2"]
[WhiteTitle "FM"]
[BlackTitle "IM"]
[WhiteElo "2277"]
[BlackElo "2380"]

1. d4 Nf6 2. c4 g6 3. Nc3 Bg7 4. e4 O-O 5. Be3 d6 6. f3 c5 7. Nge2 Nc6 8. Qd2 a6
9. Rd1 Qa5 10. a3 cxd4 11. Nxd4 Nxd4 12. Bxd4 Be6 13. Qf2 Rac8 14. Bb6 Qe5 15.
Bd4 Qa5 16. Bb6 Qe5 17. Bd4 Qa5 18. Bb6 1/2-1/2

[Event "Druzynowe  Mistrzostwa Polski w Szachach - I liga"]
[Site "Poronin-Limba"]
[Date "1899-12-30"]
[Round "2.10"]
[White "Pacan-milej, Kosma"]
[Black "Luch, Michal"]
[Result "1/2-1/2"]
[WhiteTitle "FM"]
[BlackTitle "IM"]
[WhiteElo "2316"]
[BlackElo "2383"]

1. d4 Nf6 2. c4 e6 3. Nf3 d5 4. g3 dxc4 5. Qa4+ Nbd7 6. Bg2 a6 7. Qxc4 b5 8. Qc6
Ra7 9. Be3 Bb7 10. Qc1 Nd5 11. Nc3 Nxe3 12. Qxe3 Nb6 13. O-O b4 14. Ne4 Be7 15.
Rac1 O-O 16. Rfd1 Qa8 17. Nc5 Bd5 18. b3 a5 19. Qd3 Rd8 20. e4 Bc6 21. Ne5 Be8
22. Qe3 Bd6 23. f4 Be7 24. h3 h6 25. Kh2 Bf8 26. Rf1 Bb5 27. Rf2 Be7 28. Bf3 Be8
29. Bg4 a4 30. Rfc2 axb3 31. axb3 Ra2 32. h4 Rxc2+ 33. Rxc2 Qa1 34. Nf3 Ra8 35.
Qd2 Qf1 36. Qe2 Qxe2+ 37. Rxe2 Bxc5 38. dxc5 Nd7 39. Nd4 Nxc5 40. Rc2 Nxe4 41.
Rxc7 Ra2+ 42. Rc2 Nc3 43. Rxa2 Nxa2 44. Kg2 Kf8 45. Kf2 Ke7 46. Ke3 Kd6 47. Kd3
Kc5 48. Bh5 g6 49. Bf3 Bd7 50. h5 gxh5 51. Bxh5 f6 52. Bf7 e5 53. fxe5 fxe5 54.
Nf3 Bf5+ 55. Ke3 Kd6 56. Nd2 Ke7 57. Bc4 Nc3 58. Nf3 Kf6 59. Ne1 Be4 60. Bd3 Bd5
61. Bc2 Bg8 62. Nd3 Nd5+ 63. Ke4 Ke6 64. Nc5+ Kd6 65. Nb7+ Kc6 66. Na5+ Kb5 67.
Nb7 Kc6 68. Na5+ Kc7 69. Kxe5 Ne3 70. Be4 Kb6 71. Nc6 Kc5 72. Nxb4 Kxb4 73. Kf6
Ng4+ 74. Kg6 Bxb3 75. Bf5 Ne3 76. Bh3 Kc5 77. Kxh6 Kd6 78. Kg5 Ke5 79. Bc8 Bd5
80. g4 Nc4 81. Bf5 Nd6 82. Bg6 Bf3 83. Bf5 Nc8 84. Kg6 1/2-1/2

[Event "Druzynowe  Mistrzostwa Polski w Szachach - I liga"]
[Site "Poronin-Limba"]
[Date "1899-12-30"]
[Round "2.11"]
[White "Skawinski, Arkadiusz"]
[Black "Kaczmarek, Aleksander"]
[Result "1-0"]
[WhiteTitle "FM"]
[BlackTitle "FM"]
[WhiteElo "2391"]
[BlackElo "2384"]

1. e4 g6 2. d4 Bg7 3. Nf3 c6 4. Nc3 d5 5. h3 dxe4 6. Nxe4 Nd7 7. Bc4 Ngf6 8. Nxf6+
Nxf6 9. O-O O-O 10. Re1 a5 11. a4 Nd5 12. Qe2 e6 13. c3 b6 14. Bg5 Qc7 15. Qd2
c5 16. Bxd5 exd5 17. Bh6 Be6 18. Bxg7 Kxg7 19. Re5 Rae8 20. Rae1 Qc6 21. c4 f6
22. cxd5 Bxd5 23. Rxe8 Rxe8 24. Rxe8 Qxe8 25. dxc5 Bb7 26. b3 Qc6 27. cxb6 Qxb6
28. Qd7+ Kh6 29. Nd4 Bc8 30. Qxc8 Qxd4 31. Qf8+ Kg5 32. Qe7 Qd1+ 33. Kh2 Qd2 34.
Qc5+ f5 35. Qe7+ Kf4 36. Qxh7 g5 37. Qa7 Ke4 38. Qe7+ Kf4 39. Qc5 Ke4 40. Qb6
Kf4 41. h4 Kg4 42. hxg5 Qb2 43. Qh6 Qxf2 44. Qh3+ Kxg5 45. Qg3+ Qxg3+ 46. Kxg3
f4+ 47. Kf3 Kf5 48. Ke2 Ke4 49. Kd2 Kd4 50. Kc2 Ke4 51. b4 axb4 52. a5 Kd5 53.
a6 Kc6 54. Kb3 Kb6 55. Kxb4 Kxa6 56. Kc5 Kb7 57. Kd6 1-0

[Event "Druzynowe  Mistrzostwa Polski w Szachach - I liga"]
[Site "Poronin-Limba"]
[Date "1899-12-30"]
[Round "2.12"]
[White "Miturova, Magdalena"]
[Black "Przezdziecka, Ewa"]
[Result "1-0"]
[WhiteTitle "WIM"]
[BlackTitle "WFM"]
[WhiteElo "2188"]
[BlackElo "2183"]

1. e4 g6 2. d4 Bg7 3. Nc3 c5 4. d5 d6 5. Bb5+ Nd7 6. a4 Ngf6 7. f4 O-O 8. Nf3 a6
9. Be2 Ne8 10. O-O Nc7 11. Qe1 b6 12. Qh4 e6 13. dxe6 fxe6 14. Qh3 Re8 15. f5
Nf8 16. fxg6 hxg6 17. Bg5 Bf6 18. Bxf6 Qxf6 19. e5 Qg7 20. Ne4 Nd5 21. Qh4 Nh7
22. Nfg5 Nxg5 23. Qxg5 Rf8 24. Rxf8+ Qxf8 25. Rf1 Qg7 26. c4 Ne7 27. Nf6+ Kf8
28. Nh5+ Qf7 29. Qh6+ 1-0

[Event "Druzynowe  Mistrzostwa Polski w Szachach - I liga"]
[Site "Poronin-Limba"]
[Date "1899-12-30"]
[Round "2.13"]
[White "Tazbir, Marcin"]
[Black "Antoniewski, Rafal"]
[Result "1/2-1/2"]
[WhiteTitle "GM"]
[BlackTitle "GM"]
[WhiteElo "2519"]
[BlackElo "2538"]

1. c4 Nf6 2. Nc3 g6 3. d4 d5 4. cxd5 Nxd5 5. e4 Nxc3 6. bxc3 Bg7 7. Be3 c5 8. Qd2
cxd4 9. cxd4 Nc6 10. Bb5 f5 11. Ne2 fxe4 12. O-O O-O 13. Rab1 Be6 14. Rfc1 Qa5
15. Qxa5 Nxa5 16. Nf4 Bf7 17. d5 Rfc8 18. Bd7 Rxc1+ 19. Rxc1 Be5 20. Ne6 b6 21.
g3 Bd6 22. Kg2 Rb8 23. g4 Nb7 24. Rc4 Nc5 25. Bxc5 bxc5 26. Rxe4 Rb4 27. Rxb4
cxb4 28. h4 Bxe6 29. dxe6 h6 30. Kf3 g5 31. hxg5 1/2-1/2

[Event "Druzynowe  Mistrzostwa Polski w Szachach - I liga"]
[Site "Poronin-Limba"]
[Date "1899-12-30"]
[Round "2.14"]
[White "Maksimenko, Andrei"]
[Black "Cyborowski, Lukasz"]
[Result "1/2-1/2"]
[WhiteTitle "GM"]
[BlackTitle "GM"]
[WhiteElo "2484"]
[BlackElo "2522"]

1. d4 Nf6 2. c4 e6 3. Nf3 d5 4. g3 dxc4 5. Qa4+ Bd7 6. Qxc4 Bc6 7. Bg2 Bd5 8. Qa4+
Bc6 9. Qc4 Bd5 10. Qa4+ Bc6 11. Qc4 1/2-1/2

[Event "Druzynowe  Mistrzostwa Polski w Szachach - I liga"]
[Site "Poronin-Limba"]
[Date "1899-12-30"]
[Round "2.15"]
[White "Nurkiewicz, Maciej"]
[Black "Jaracz, Pawel"]
[Result "1/2-1/2"]
[WhiteTitle "m"]
[BlackTitle "GM"]
[WhiteElo "2365"]
[BlackElo "2469"]

1. e4 c6 2. d4 d5 3. Nc3 dxe4 4. Nxe4 Bf5 5. Ng3 Bg6 6. N1e2 Nf6 7. Nf4 Nbd7 8.
Bc4 Qc7 9. O-O Nb6 10. Bb3 e6 11. Qf3 O-O-O 12. Rd1 Bd6 13. c4 c5 14. Nxg6 hxg6
15. dxc5 Bxc5 16. Bf4 e5 17. Rxd8+ Rxd8 18. Bg5 Qc6 19. Qe2 Re8 20. Rc1 Nbd7 21.
Bc2 Nf8 22. Ne4 Nxe4 23. Bxe4 Qc7 24. b4 Ne6 25. Be3 Bxe3 26. fxe3 f5 27. Bd5
Qd6 28. Qd2 Rd8 29. Rd1 Kb8 30. c5 Qe7 1/2-1/2

[Event "Druzynowe  Mistrzostwa Polski w Szachach - I liga"]
[Site "Poronin-Limba"]
[Date "1899-12-30"]
[Round "2.16"]
[White "Krysztofiak, Marcin"]
[Black "Bartel, Michal"]
[Result "1/2-1/2"]
[WhiteTitle "IM"]
[BlackTitle "FM"]
[WhiteElo "2383"]
[BlackElo "2337"]

1. d4 d5 2. Nf3 e6 3. Bf4 Nf6 4. e3 a6 5. Nbd2 c5 6. c3 Nc6 7. Bd3 Bd6 8. Bg3 Bxg3
9. hxg3 Qd6 10. Qe2 e5 11. dxc5 Qxc5 12. e4 Bg4 13. exd5 Qxd5 14. Nc4 Bxf3 15.
gxf3 Rd8 16. O-O-O Qe6 17. Be4 Rxd1+ 18. Rxd1 Nxe4 19. fxe4 O-O 20. Rd6 Qh3 21.
Rd5 Qe6 22. Rd6 Qh3 23. Rd5 Qe6 24. Rd6 Qh3 25. Rd5 Qe6 26. Rd6 1/2-1/2

[Event "Druzynowe  Mistrzostwa Polski w Szachach - I liga"]
[Site "Poronin-Limba"]
[Date "1899-12-30"]
[Round "2.17"]
[White "Sliwerski, Radoslaw"]
[Black "Borgula, Rafal"]
[Result "1/2-1/2"]
[WhiteTitle "k++"]
[BlackTitle "FM"]
[WhiteElo "1969"]
[BlackElo "2250"]

1. d4 d5 2. c4 e6 3. Nc3 c5 4. cxd5 exd5 5. Nf3 Nc6 6. g3 Nf6 7. Bg2 cxd4 8. Nxd4
Be7 9. O-O O-O 10. Bg5 h6 11. Be3 Be6 12. Qb3 Na5 13. Qc2 Nc4 14. Nf5 Bxf5 15.
Qxf5 Nxe3 16. fxe3 Qb6 17. Qd3 Rad8 18. Kh1 d4 19. exd4 Rxd4 20. Qe3 Bc5 21. Qf3
Qe6 22. Qf5 Qxf5 23. Rxf5 b6 24. Nd5 Nxd5 25. Rxd5 Rd8 26. e4 Kf8 27. b3 R8xd5
28. exd5 Rd2 29. Bf3 Rf2 30. Be4 Ke7 31. Bd3 Kd6 32. a4 Kxd5 33. Rf1 Rxf1+ 34.
Bxf1 Ke4 35. Kg2 f5 36. h3 Ke3 37. Bc4 g5 38. Be6 f4 39. gxf4 gxf4 40. Bd5 Bd6
1/2-1/2

[Event "Druzynowe  Mistrzostwa Polski w Szachach - I liga"]
[Site "Poronin-Limba"]
[Date "1899-12-30"]
[Round "2.18"]
[White "Jaracz, Barbara"]
[Black "Kulon, Klaudia"]
[Result "0-1"]
[WhiteTitle "WGM"]
[BlackTitle "WGM"]
[WhiteElo "2244"]
[BlackElo "2346"]

1. e4 e5 2. Nf3 Nc6 3. Bb5 Nf6 4. d3 d6 5. c3 Be7 6. h3 O-O 7. O-O a6 8. Ba4 b5
9. Bb3 h6 10. Re1 Re8 11. Nbd2 Bf8 12. Nf1 Na5 13. Bc2 c5 14. Ng3 g6 15. d4 Qc7
16. a4 Bd7 17. d5 bxa4 18. Bxa4 Reb8 19. Bc2 c4 20. Ra2 Nb3 21. Be3 a5 22. Bxb3
cxb3 23. Ra3 a4 24. Nd2 Ne8 25. Qe2 Bg7 26. f3 f5 27. exf5 gxf5 28. Nh5 Bf8 29.
f4 Qd8 30. Qf2 Nf6 31. Nxf6+ Qxf6 32. Rea1 Qd8 33. c4 e4 34. Bd4 Kh7 35. Bc3 Bg7
36. Bxg7 Kxg7 37. Qd4+ Kh7 38. Nf1 Qh4 39. Qf2 Qf6 40. Rd1 Rg8 41. Rc1 Rac8 42.
Raa1 Rg7 43. Rc3 Rcg8 44. Ne3 Rg3 45. c5 Rf3 46. Qd2 dxc5 47. Rxc5 Rxe3 48. Rc7
Re1+ 0-1

[Event "Druzynowe  Mistrzostwa Polski w Szachach - I liga"]
[Site "Poronin-Limba"]
[Date "1899-12-30"]
[Round "2.19"]
[White "Cukrowski, Filip"]
[Black "Gritsak, Orest"]
[Result "1-0"]
[WhiteTitle "FM"]
[BlackTitle "GM"]
[WhiteElo "2414"]
[BlackElo "2474"]

1. e4 c5 2. Nf3 e6 3. d4 cxd4 4. Nxd4 a6 5. Bd3 Nf6 6. O-O d6 7. c4 Bd7 8. Nc3
Nc6 9. Be3 Be7 10. f4 O-O 11. Qe2 Nxd4 12. Bxd4 Bc6 13. Rad1 Nd7 14. b4 b6 15.
Bb1 Bb7 16. e5 dxe5 17. Bxe5 g6 18. Be4 Ra7 19. Bxb7 Rxb7 20. Ne4 Qc8 21. Bd6
Qe8 22. c5 bxc5 23. bxc5 Rb4 24. c6 Rxe4 25. Qxe4 Nf6 26. Qc2 Bxd6 27. Rxd6 Nd5
28. c7 Qa8 29. Kh1 Rc8 30. Qc6 Qxc6 31. Rxc6 Kf8 32. Rfc1 Nxf4 33. Rxa6 Nd5 34.
Rac6 Ke7 35. a4 Kd7 36. a5 h5 37. a6 Ne7 38. Rb6 Nd5 39. Rb8 1-0

[Event "Druzynowe  Mistrzostwa Polski w Szachach - I liga"]
[Site "Poronin-Limba"]
[Date "1899-12-30"]
[Round "2.21"]
[White "Sabuk, Piotr"]
[Black "Miroslaw, Michal"]
[Result "1-0"]
[WhiteTitle "IM"]
[BlackTitle "FM"]
[WhiteElo "2376"]
[BlackElo "2270"]

1. d4 d5 2. c4 e6 3. Nf3 Nf6 4. g3 Bb4+ 5. Bd2 Be7 6. Bg2 O-O 7. O-O c6 8. Qc2
Nbd7 9. Bf4 a5 10. Rd1 Nh5 11. Bc1 Nhf6 12. Bg5 b5 13. b3 Ba6 14. Nbd2 Rc8 15.
c5 Ne8 16. Bxe7 Qxe7 17. e4 Nc7 18. e5 f5 19. exf6 gxf6 20. Re1 Qg7 21. Bh3 Rfe8
22. Nh4 Nf8 23. Re3 Ng6 24. Ndf3 Re7 25. Rae1 Rce8 26. a3 Kf7 27. Kh1 Ra8 28.
Qd1 Bc8 29. Bg4 Bd7 30. Bh5 Kf8 31. Bg4 a4 32. bxa4 Rxa4 33. Ng2 Qh6 34. h4 Kf7
35. Kg1 Na6 36. h5 Nf8 37. Nfh4 Re8 38. Nf4 Qg7 39. h6 Qxh6 40. Bh5+ Ng6 41. Nhxg6
hxg6 42. Bxg6+ 1-0

[Event "Druzynowe  Mistrzostwa Polski w Szachach - I liga"]
[Site "Poronin-Limba"]
[Date "1899-12-30"]
[Round "2.22"]
[White "Panas, Pawel"]
[Black "Goluch, Piotr"]
[Result "1-0"]
[WhiteTitle "k"]
[BlackTitle "FM"]
[WhiteElo "2168"]
[BlackElo "2275"]

1. d4 d6 2. e4 Nf6 3. Nc3 e5 4. Nge2 Nbd7 5. g3 g6 6. Bg2 Bg7 7. O-O O-O 8. h3
Re8 9. Re1 c6 10. a4 b6 11. Bg5 Qc7 12. Qd2 a6 13. Rad1 Bb7 14. dxe5 dxe5 15.
Qd6 Qxd6 16. Rxd6 h6 17. Be3 Bf8 18. Rd2 b5 19. f3 b4 20. Na2 c5 21. Red1 Bc6
22. b3 c4 23. Nec1 c3 24. Re2 a5 25. Nd3 Bb7 26. Ree1 Ba6 27. Nac1 Kh7 28. Bf1
Red8 29. Bg2 Bb7 30. Kh2 Re8 31. h4 Bc6 32. Bf1 Rab8 33. Kg1 Nh5 34. g4 Ng7 35.
Bh3 g5 36. hxg5 hxg5 37. Bxg5 Ne6 38. Be3 Bh6 39. g5 Bxg5 40. Bxg5 Nxg5 41. Bf5+
Kg7 42. Kf2 Rbd8 43. Rh1 f6 44. Ne2 Nf8 45. Ke3 Nfe6 46. Bxe6 Nxe6 47. Rdg1+ Ng5
48. Ng3 Kf7 49. Nf5 Re6 50. Rh6 Be8 51. Rg2 Rc6 52. Rh8 Rxd3+ 53. Kxd3 Bd7 54.
Ke3 Bxf5 55. exf5 Rd6 56. Ra8 Rd5 57. Ra7+ Kg8 58. Rb7 Rd1 59. Rb5 Re1+ 60. Kd3
Kf8 61. Rxa5 Nxf3 62. Kc4 Re4+ 63. Kd5 Rf4 64. Ra8+ Kf7 65. Ra7+ Kf8 66. a5 Rxf5
67. Ra8+ Kf7 68. a6 Ng5 69. a7 e4+ 70. Kc6 Ra5 71. Kb6 Ra2 72. Rb8 Ke6 73. a8=Q
Rxa8 74. Rxa8 Ke5 75. Kc5 Nf3 76. Re8+ Kf4 77. Re2 f5 78. Kxb4 Nd4 79. Rh2 Ke3
80. Rh3+ Kf2 81. Kxc3 Ne2+ 82. Kd2 Ng1 83. Rh2+ Kg3 84. Rh1 Nf3+ 85. Ke3 f4+ 86.
Kxe4 Ng5+ 87. Kf5 Nf3 88. Rg8+ Kf2 89. Kxf4 Nd4 90. Ke4 Nb5 91. c4 Nc3+ 92. Kd3
Ne2 93. Rf8+ Kg2 94. Kxe2 1-0

[Event "Druzynowe  Mistrzostwa Polski w Szachach - I liga"]
[Site "Poronin-Limba"]
[Date "1899-12-30"]
[Round "2.23"]
[White "Krupa, Monika"]
[Black "Praszak, Michal"]
[Result "1/2-1/2"]
[WhiteTitle "WGM"]
[BlackTitle "m"]
[WhiteElo "2230"]
[BlackElo "2150"]

1. e4 c5 2. Nf3 d6 3. Bb5+ Bd7 4. Bxd7+ Qxd7 5. O-O Nc6 6. c3 Nf6 7. d4 cxd4 8.
cxd4 d5 9. e5 Ne4 10. Be3 h6 11. Ne1 e6 12. f3 Ng5 13. Nc3 Be7 14. Nd3 Nh7 15.
Nf4 Nf8 16. Nh5 Rg8 17. Rc1 Qc7 18. f4 g6 19. Nb5 Qb6 20. Nd6+ Kd7 21. Nxf7 gxh5
22. Nxh6 Rg6 23. Qxh5 Qxb2 24. Qh3 Qe2 25. Rce1 Qd3 26. f5 exf5 27. Nxf5 Ne6 28.
Nxe7 Nxe7 29. Rf6 Qa6 30. Rb1 Rb8 31. a4 Rbg8 32. g3 Ke8 33. Qh7 R6g7 34. Qc2
Kd7 35. Qb3 Rb8 36. Bh6 Rh7 37. Qb4 Qb6 38. Qxb6 axb6 39. Rxb6 Nc6 40. Be3 Re7
41. Rb5 Nc7 42. Rd6+ Kc8 43. Rc5 Ra8 44. a5 Rd7 45. Rg6 Kb8 46. e6 Re7 47. Bf4
Ka7 48. h4 Nxe6 49. Bd6 Ree8 50. Rxd5 Rad8 51. Bc5+ Nxc5 52. Rxd8 Rxd8 53. dxc5
Rd5 54. a6 Kxa6 55. g4 Kb5 56. Rg7 Ne5 57. Kg2 Kxc5 58. Rxb7 Nxg4 59. Kg3 Nf6
60. Kf4 Kd6 61. Ra7 Ke6 62. Rb7 Rd4+ 63. Kg3 Rg4+ 64. Kh3 Rg8 65. Ra7 Kf5 66.
Ra5+ Kf4 67. Rg5 Rh8 68. Rg1 Ne4 69. Rf1+ Ke3 70. Rf5 Rg8 71. h5 Nf2+ 72. Kh2
Rg4 73. Ra5 Rh4+ 74. Kg3 Rh3+ 75. Kg2 Rh4 76. Kg3 Rg4+ 77. Kh2 Kf3 78. Rf5+ Ke2
79. Ra5 Ke3 80. Ra3+ Kf4 81. h6 Rh4+ 82. Kg2 Ne4 83. Rf3+ Kg4 84. Re3 Ng5 85.
Rg3+ Kf4 86. Ra3 Rxh6 87. Rb3 Ra6 88. Kf2 Ra2+ 89. Ke1 Nf3+ 90. Kd1 Nd4 91. Rc3
Ke4 92. Rh3 Nf3 93. Kc1 Rf2 94. Rh8 Kd3 95. Ra8 Rc2+ 96. Kd1 Rc3 97. Rf8 Nd4 98.
Rf3+ 1/2-1/2

[Event "Druzynowe  Mistrzostwa Polski w Szachach - I liga"]
[Site "Poronin-Limba"]
[Date "1899-12-30"]
[Round "2.24"]
[White "Hnydiuk, Aleksander"]
[Black "Karpus, Michal"]
[Result "1/2-1/2"]
[WhiteTitle "IM"]
[BlackTitle "FM"]
[WhiteElo "2409"]
[BlackElo "2267"]

1. Nf3 Nf6 2. c4 g6 3. d4 Bg7 4. g3 d5 5. cxd5 Nxd5 6. Bg2 Nb6 7. Nc3 Nc6 8. e3
O-O 9. O-O Re8 10. a3 a5 11. d5 Bxc3 12. dxc6 Bg7 13. Nd4 Rb8 14. Qc2 Bxd4 15.
exd4 Be6 16. Bd2 Bd5 17. Bxd5 Qxd5 18. Rac1 a4 19. Bf4 Rec8 20. Rfe1 e6 21. cxb7
Qxb7 22. Qe2 Nd5 23. Bh6 Re8 24. Rc2 Qb5 25. Qe5 f6 26. Qe4 Qd7 27. Bc1 Rb6 28.
Qd3 Rd6 29. Rc5 Rc8 30. Qc2 Kf7 31. Ra5 Nb6 32. Be3 Rc6 33. Rc5 Rxc5 34. dxc5
Qc6 35. Bc1 Nd7 36. Re4 Ra8 37. Rh4 Kg8 38. Qe4 Qd5 1/2-1/2

[Event "Druzynowe  Mistrzostwa Polski w Szachach - I liga"]
[Site "Poronin-Limba"]
[Date "1899-12-30"]
[Round "2.25"]
[White "Krainski, Slawomir"]
[Black "Plat, Vojtech"]
[Result "0-1"]
[WhiteTitle "k"]
[BlackTitle "GM"]
[WhiteElo "2138"]
[BlackElo "2539"]

1. e4 d6 2. d4 Nf6 3. f3 e5 4. dxe5 dxe5 5. Qxd8+ Kxd8 6. Bc4 Be6 7. Bxe6 fxe6
8. Be3 Nbd7 9. Nd2 c6 10. O-O-O Kc7 11. Nh3 b5 12. Ng5 Re8 13. Nb3 h6 14. Nh3
a5 15. Nxa5 Ra8 16. Nb3 Rxa2 17. Kb1 Ra4 18. Rc1 Be7 19. Nf2 c5 20. c4 bxc4 21.
Nd2 Nb6 22. Nd1 Rha8 23. Nc3 Ra1+ 24. Kc2 Rxc1+ 25. Rxc1 Kc6 26. Ncb1 Ne8 27.
Na3 Nd6 28. g3 Ra4 29. Ndb1 Bg5 30. Re1 Ra8 31. h4 Bxe3 32. Rxe3 g5 33. hxg5 hxg5
34. g4 Rh8 35. Nd2 Rh2 36. Kd1 Na4 37. Ndxc4 Nxc4 38. Nxc4 Nxb2+ 39. Nxb2 Rxb2
40. Ra3 c4 41. Ra6+ Rb6 42. Ra8 Kc5 43. Rg8 Kd4 44. Rxg5 Rb1+ 45. Kc2 Rf1 46.
Rg6 Rxf3 47. Rxe6 Rf2+ 48. Kd1 Rg2 49. Rg6 Kd3 50. Rd6+ Kxe4 51. Rg6 Kd3 52. Rd6+
Ke3 53. Rg6 e4 54. g5 Rg1+ 55. Kc2 Kf4 56. Rc6 Rxg5 57. Rxc4 Rd5 58. Rc8 Kf3 59.
Rh8 e3 60. Rh3+ Kf2 61. Rh2+ Kg3 62. Rh8 e2 63. Rg8+ Kf2 64. Rf8+ Ke1 65. Re8
Rd7 66. Rb8 Rf7 0-1

[Event "Druzynowe  Mistrzostwa Polski w Szachach - I liga"]
[Site "Poronin-Limba"]
[Date "1899-12-30"]
[Round "2.26"]
[White "Nguyen, Piotr"]
[Black "Szczesniak, Andrzej"]
[Result "1-0"]
[WhiteTitle "IM"]
[BlackTitle "II+"]
[WhiteElo "2409"]
[BlackElo "1960"]

1. d4 d5 2. Bf4 c5 3. e3 Nc6 4. c3 Nf6 5. Nd2 Bf5 6. Qb3 Qb6 7. dxc5 Qxb3 8. axb3
e5 9. Bg3 Bxc5 10. Ngf3 Nd7 11. b4 Bd6 12. Nd4 Nxd4 13. exd4 Ke7 14. dxe5 Nxe5
15. Nb3 Ng4 16. Nd4 Bd7 17. f3 Nf6 18. Kd2 Bxg3 19. hxg3 Kd6 20. g4 h6 21. Bb5
Rhg8 22. Bxd7 Nxd7 23. Rhe1 g6 24. Nb5+ Kc6 25. Re7 a6 26. Nd4+ Kd6 27. Rxf7 Raf8
28. Rh7 h5 29. Re1 Rf6 30. g5 1-0